[Event "Abe Yanofsky mem"]
[Site "Winnipeg CAN"]
[Date "2003.08.31"]
[Round "5"]
[White "Spraggett, Kevin"]
[Black "Tyomkin, Dimitri"]
[Result "1/2-1/2"]
[WhiteElo "2530"]
[BlackElo "2471"]
[PlyCount "49"]
[GameId "2160767911272392"]
[EventDate "2003.08.29"]
[EventType "swiss"]
[EventRounds "6"]
[EventCountry "CAN"]
[SourceTitle "EXT 2004"]
[Source "ChessBase"]
[SourceDate "2003.11.25"]
[SourceVersion "1"]
[SourceVersionDate "2003.11.25"]
[SourceQuality "1"]

1. e4 c5 2. Nf3 Nc6 3. d4 cxd4 4. Nxd4 Nf6 5. Nc3 e5 6. Ndb5 d6 7. Bg5 a6 8. Na3 b5 9. Nd5 Be7 10. Bxf6 Bxf6 11. c3 Bg5 12. Nc2 O-O 13. a4 bxa4 14. Rxa4 a5 15. Bb5 Ne7 16. Nxe7+ Bxe7 17. Ne3 Rb8 18. c4 Bb7 19. Qd3 Bg5 20. Nd5 Bxd5 21. Qxd5 Qb6 22. O-O Bd8 23. Rd1 Bc7 24. Ra3 Qb7 25. Qxb7 1/2-1/2

[Event "Abe Yanofsky mem"]
[Site "Winnipeg CAN"]
[Date "2003.09.01"]
[Round "6"]
[White "Tyomkin, Dimitri"]
[Black "Fedorowicz, John"]
[Result "1/2-1/2"]
[WhiteElo "2471"]
[BlackElo "2524"]
[PlyCount "20"]
[GameId "2160767911272410"]
[EventDate "2003.08.29"]
[EventType "swiss"]
[EventRounds "6"]
[EventCountry "CAN"]
[SourceTitle "EXT 2004"]
[Source "ChessBase"]
[SourceDate "2003.11.25"]
[SourceVersion "1"]
[SourceVersionDate "2003.11.25"]
[SourceQuality "1"]

1. d4 Nf6 2. Nf3 g6 3. Bg5 Bg7 4. Nbd2 O-O 5. c3 d6 6. e4 Nc6 7. Be2 h6 8. Bh4 e5 9. dxe5 dxe5 10. O-O Qe8 1/2-1/2

[Event "CAN-op"]
[Site "Kapuskasing CAN"]
[Date "2003.07.12"]
[Round "1"]
[White "Tyomkin, Dimitri"]
[Black "Predescu, Sebastian"]
[Result "1-0"]
[WhiteElo "2492"]
[BlackElo "2280"]
[PlyCount "55"]
[GameId "2160767911293558"]
[EventDate "2003.07.12"]
[EventType "swiss"]
[EventRounds "9"]
[EventCountry "CAN"]
[SourceTitle "EXT 2006"]
[Source "ChessBase"]
[SourceDate "2005.11.24"]
[SourceVersion "1"]
[SourceVersionDate "2005.11.24"]
[SourceQuality "1"]

1. e4 c5 2. Nf3 d6 3. Bb5+ Bd7 4. Bxd7+ Qxd7 5. O-O Nc6 6. c3 e6 7. d4 cxd4 8. cxd4 Nge7 9. d5 Ne5 10. dxe6 Nxf3+ 11. Qxf3 fxe6 12. Bf4 Nc6 13. Rd1 Be7 14. Qh5+ g6 15. Qh6 Bf8 16. Qh3 e5 17. Qxd7+ Kxd7 18. Be3 Ke6 19. Nc3 Rd8 20. Nb5 b6 21. Nc7+ Kd7 22. Nd5 h5 23. Rac1 Bh6 24. Rc3 Bxe3 25. fxe3 Rc8 26. Rdc1 Rhf8 27. a4 Rfd8 28. b4 1-0

[Event "CAN-op"]
[Site "Kapuskasing CAN"]
[Date "2003.07.20"]
[Round "10"]
[White "Tyomkin, Dimitri"]
[Black "Moiseenko, Alexander"]
[Result "1/2-1/2"]
[WhiteElo "2530"]
[BlackElo "2618"]
[PlyCount "46"]
[GameId "2160767911293653"]
[EventDate "2003.07.12"]
[EventType "swiss"]
[EventRounds "9"]
[EventCountry "CAN"]
[SourceTitle "The Week in Chess 454"]
[Source "Mark Crowther"]
[SourceDate "2003.07.14"]
[SourceVersion "1"]
[SourceVersionDate "2003.07.14"]
[SourceQuality "2"]

1. d4 f5 2. g3 e6 3. Bg2 Nf6 4. c4 d5 5. Nf3 c6 6. O-O Bd6 7. b3 Qe7 8. Bb2 O-O 9. Qc1 Bd7 10. Ba3 Be8 11. Bxd6 Qxd6 12. Qa3 Qxa3 13. Nxa3 Bh5 14. Rfc1 Nbd7 15. e3 Bxf3 16. Bxf3 Kf7 17. Nc2 Ke7 18. Ne1 Ne4 19. Nd3 Ndf6 20. Ne5 Nd7 21. Nd3 Ndf6 22. Ne5 Nd7 23. Nd3 Ndf6 1/2-1/2